|
|
|
|
| LEADER |
01138nam a2200241 u 4500 |
| 001 |
10078797 |
| 003 |
upatras |
| 005 |
20220801094702.0 |
| 008 |
090914s1985 f gre |
| 040 |
|
|
|a GR-PaULI
|c GR-PaULI
|
| 041 |
0 |
|
|a gre
|
| 082 |
1 |
4 |
|a 830.99436
|2 22
|
| 100 |
1 |
|
|a Sacher-Masoch, Leopold
|c Ritter von
|d 1835-1895
|9 79735
|
| 245 |
1 |
0 |
|a Η Αφροδίτη με τη γούνα
|b Η τερατώδης πλευρά
|c Λ. Φον Ζάχερ-Μαζόχ; μετάφραση Μυρτώ Ρήγου
|c Γιώργος Βέλτσος
|
| 260 |
|
|
|a Αθήνα
|b Γνώση
|c 1985
|
| 300 |
|
|
|a 281 σ.
|c 21 εκ.
|
| 500 |
|
|
|a Τίτλος πρωτοτύπου: Venus im Pelz
|
| 700 |
1 |
|
|a Ρήγου, Μυρτώ,
|d 1935-
|9 79736
|
| 852 |
|
|
|a GR-PaULI
|b ΠΑΤΡΑ
|b ΦΙΛΟΛΟΓΙΑ
|k ΔΑΝΕΙΖ-6
|h 830.99436 SAC
|m 008138
|p 025000179147
|t 1
|
| 942 |
|
|
|2 ddc
|
| 952 |
|
|
|0 0
|1 0
|2 ddc
|4 0
|6 830_994360000000000_SAC
|7 0
|9 82026
|a LISP
|b LISP
|c BSC
|d 2016-04-24
|i 008138
|l 1
|o 830.99436 SAC
|p 025000179147
|r 2018-10-31 00:00:00
|s 2018-10-25
|t 1
|w 2016-04-24
|y BK15
|x Μεταφορά Τμήματος Φιλολογίας
|
| 998 |
|
|
|c ELIDOC
|d 2009-09
|
| 999 |
|
|
|c 54620
|d 54620
|